[Event "EU Union-ch U12"]
[Site "Malenovice"]
[Date "2013.09.02"]
[Round "6"]
[White "Sibajeva, Marija"]
[Black "Tejova, Alexandra"]
[Result "1-0"]
[WhiteElo "1649"]
[BlackElo "1565"]
[PlyCount "55"]
[EventDate "2013.08.28"]
[EventType "swiss"]
[EventRounds "9"]
[EventCountry "CZE"]
[SourceTitle "CBM 156 Extra"]
[Source "ChessBase"]
[SourceDate "2013.10.22"]
[SourceVersion "1"]
[SourceVersionDate "2013.10.22"]
[SourceQuality "1"]

1. e4 e5 2. Nf3 Nc6 3. Bc4 Bc5 4. 0-0 d6 5. c3 Nf6 6. d4 exd4 7. cxd4 Bb6 8. Nc3 h6 9. h3 0-0 10. Re1 Re8 11. Bf4 Na5 12. Bf1 Nc6 13. Bb5 Bd7 14. Qd2 Ba5 15. Bd3 Nh7 16. Rad1 a6 17. a3 b5 18. b4 Bb6 19. e5 dxe5 20. dxe5 Be6 21. Qc2 Nf8 22. Bh7+ Nxh7 23. Rxd8 Raxd8 24. Rd1 Nd4 25. Nxd4 Bxd4 26. Ne2 Bb6 27. Rd2 Nf8 28. Qd1 1-0

[Event "EU Union-ch U12"]
[Site "Malenovice"]
[Date "2013.08.31"]
[Round "4"]
[White "Durica, Adam"]
[Black "Tejova, Alexandra"]
[Result "1/2-1/2"]
[WhiteElo "1628"]
[BlackElo "1565"]
[PlyCount "55"]
[EventDate "2013.08.28"]
[EventType "swiss"]
[EventRounds "9"]
[EventCountry "CZE"]
[SourceTitle "CBM 156 Extra"]
[Source "ChessBase"]
[SourceDate "2013.10.22"]
[SourceVersion "1"]
[SourceVersionDate "2013.10.22"]
[SourceQuality "1"]

1. e4 d6 2. d4 Nf6 3. Nc3 g6 4. Be2 Bg7 5. Be3 c6 6. Qd2 b5 7. a3 a5 8. f3 h5 9. d5 Ba6 10. dxc6 b4 11. Bxa6 Nxa6 12. axb4 Nxb4 13. Nb5 Nxc6 14. Ne2 Rb8 15. c4 Ne5 16. b3 Nxe4 17. fxe4 Nxc4 18. bxc4 Bxa1 19. 0-0 Bg7 20. Ned4 Rc8 21. Qa2 0-0 22. Na7 Bxd4 23. Bxd4 Ra8 24. Nb5 Qc8 25. h3 Qb7 26. Qe2 Qd7 27. Bb2 Rac8 28. Rc1 1/2-1/2

[Event "EU Union-ch U12"]
[Site "Malenovice"]
[Date "2013.08.28"]
[Round "1"]
[White "Hurdzan, Tomas"]
[Black "Tejova, Alexandra"]
[Result "1-0"]
[WhiteElo "1862"]
[BlackElo "1565"]
[PlyCount "55"]
[EventDate "2013.08.28"]
[EventType "swiss"]
[EventRounds "9"]
[EventCountry "CZE"]
[SourceTitle "CBM 156 Extra"]
[Source "ChessBase"]
[SourceDate "2013.10.22"]
[SourceVersion "1"]
[SourceVersionDate "2013.10.22"]
[SourceQuality "1"]

1. e4 d6 2. d4 Nf6 3. Nc3 g6 4. Nf3 Bg7 5. Be2 c6 6. a4 a6 7. 0-0 0-0 8. h3 b5 9. axb5 cxb5 10. Bxb5 Bb7 11. Bd3 Nc6 12. Re1 Nd7 13. Ne2 Nf6 14. c3 e6 15. Ng3 Nh5 16. Nxh5 gxh5 17. e5 f5 18. Ng5 Qe8 19. exd6 Nd8 20. Bf4 Qg6 21. Be2 Bh6 22. Bxh5 Qg7 23. h4 Bxg5 24. hxg5 Rf6 25. Bf3 Rg6 26. Bxb7 Nxb7 27. g3 Qd7 28. Qa4 1-0

[Event "SVK-ch U12 Girls"]
[Site "Lubovna"]
[Date "2013.04.13"]
[Round "9"]
[White "Nadzamova, Sofia"]
[Black "Tejova, Alexandra"]
[Result "0-1"]
[WhiteElo "1302"]
[BlackElo "1565"]
[PlyCount "76"]
[EventDate "2013.04.06"]
[EventType "swiss"]
[EventRounds "9"]
[EventCountry "SVK"]
[SourceTitle "CBM 153 Extra"]
[Source "ChessBase"]
[SourceDate "2013.04.22"]
[SourceVersion "1"]
[SourceVersionDate "2013.04.22"]
[SourceQuality "1"]

1. e4 e5 2. Nf3 Nc6 3. Bc4 Bc5 4. c3 Nf6 5. d4 exd4 6. cxd4 Bb4+ 7. Nc3 Nxe4 8. 0-0 Bxc3 9. d5 Ne7 10. bxc3 0-0 11. Qd4 Nd6 12. Bd3 Ndf5 13. Qf4 d6 14. c4 Ng6 15. Qg4 Ne3 16. Qg3 Nxf1 17. Kxf1 h6 18. Bxh6 Qf6 19. Bxg7 Qxg7 20. Re1 Qf6 21. h3 Qf4 22. Bxg6 Qxg3 23. Bxf7+ Rxf7 24. fxg3 Bxh3 25. gxh3 Rxf3+ 26. Kg2 Raf8 27. Re2 Rc3 28. h4 Rxc4 29. Rd2 Rf7 30. Kh3 Rg7 31. Rg2 Rd4 32. g4 Rxd5 33. h5 Kh7 34. Kh4 Rdg5 35. Kh3 d5 36. Rd2 Rxg4 37. Rxd5 R4g5 38. Rxg5 Rxg5 0-1

[Event "SVK-ch U12 Girls"]
[Site "Lubovna"]
[Date "2013.04.09"]
[Round "5"]
[White "Tejova, Alexandra"]
[Black "Ferkova, Dominika"]
[Result "1/2-1/2"]
[WhiteElo "1565"]
[BlackElo "1603"]
[PlyCount "103"]
[EventDate "2013.04.06"]
[EventType "swiss"]
[EventRounds "9"]
[EventCountry "SVK"]
[SourceTitle "CBM 153 Extra"]
[Source "ChessBase"]
[SourceDate "2013.04.22"]
[SourceVersion "1"]
[SourceVersionDate "2013.04.22"]
[SourceQuality "1"]

1. d4 d5 2. Bf4 Nf6 3. Nf3 c5 4. c3 Nc6 5. h3 Bf5 6. e3 e6 7. Bb5 Bd6 8. Ne5 Qc7 9. Qa4 Bxe5 10. Bxe5 Qb6 11. Bxf6 gxf6 12. Nd2 0-0 13. dxc5 Qxc5 14. Nb3 Qb6 15. Bxc6 Qxc6 16. Qxc6 bxc6 17. Nd4 Be4 18. Nxc6 Kh8 19. f3 Bg6 20. Kd2 Rfc8 21. Nd4 e5 22. Ne2 a5 23. Rhc1 a4 24. b3 Rcb8 25. b4 Rb5 26. a3 Rc8 27. g3 Bf5 28. h4 h5 29. Ke1 Bd3 30. Ra2 Rg8 31. Kf2 Bc4 32. Rd2 f5 33. f4 Bxe2 34. Rxe2 e4 35. c4 dxc4 36. Rxc4 Rd8 37. Rc5 Rxc5 38. bxc5 Kg7 39. Rb2 Kg6 40. Rb6+ f6 41. Ke2 Rd3 42. c6 Rxa3 43. Kd2 Rd3+ 44. Kc2 Rd5 45. Kc3 Rd3+ 46. Kb4 Rb3+ 47. Ka5 Rxb6 48. Kxb6 a3 49. c7 a2 50. c8Q a1Q 51. Qg8+ Kh6 52. Qf8+ 1/2-1/2

[Event "SVK-ch U12 Girls"]
[Site "Lubovna"]
[Date "2013.04.08"]
[Round "3"]
[White "Tejova, Alexandra"]
[Black "Miklasova, Emma"]
[Result "1-0"]
[WhiteElo "1565"]
[BlackElo "1601"]
[PlyCount "61"]
[EventDate "2013.04.06"]
[EventType "swiss"]
[EventRounds "9"]
[EventCountry "SVK"]
[SourceTitle "CBM 153 Extra"]
[Source "ChessBase"]
[SourceDate "2013.04.22"]
[SourceVersion "1"]
[SourceVersionDate "2013.04.22"]
[SourceQuality "1"]

1. d4 d5 2. Bf4 Nf6 3. e3 e6 4. Nf3 Bd6 5. Ne5 0-0 6. c4 Re8 7. c5 Bxe5 8. Bxe5 Nc6 9. Bb5 Bd7 10. Bxc6 Bxc6 11. Nc3 Rb8 12. 0-0 b6 13. b4 bxc5 14. bxc5 h6 15. Qe2 Bb7 16. Rab1 Nd7 17. Bg3 e5 18. Qb5 a6 19. Qa4 c6 20. Rb2 Qc7 21. Rfb1 f5 22. Ne2 Rf8 23. dxe5 Nxc5 24. Qa3 Ne4 25. e6 Nxg3 26. Nxg3 Rfe8 27. Nxf5 Rxe6 28. Qc5 g6 29. Nd4 Ree8 30. Qa7 Re7 31. Nxc6 1-0